Central Library OPAC University of Rajshahi

The people of Karachi : (Record no. 33753)

MARC details
000 -LEADER
fixed length control field 00932nam a22002771 4500
001 - CONTROL NUMBER
control field 33753
003 - CONTROL NUMBER IDENTIFIER
rucl marc code BD-RjUL
005 - DATE AND TIME OF LATEST TRANSACTION
control field 20211209052044.0
008 - FIXED-LENGTH DATA ELEMENTS--GENERAL INFORMATION
fixed length control field 140511s1966 pk ab 000 0 eng d
035 ## - SYSTEM CONTROL NUMBER
System control number (BD-RjUL)33844
040 ## - CATALOGING SOURCE
Original cataloging agency DLC
Transcribing agency DLC
Modifying agency DLC
-- BD-RjUL
Language of cataloging eng
041 ## - LANGUAGE CODE
Language code of text/sound track or separate title eng
082 00 - DEWEY DECIMAL CLASSIFICATION NUMBER
Classification number 330.9549
Author mark and year FAP 1966
100 1# - MAIN ENTRY--PERSONAL NAME
Personal name Farooq, Mumtaz.
9 (RLIN) 102482
245 14 - TITLE STATEMENT
Title The people of Karachi :
Remainder of title economic characteristics /
Statement of responsibility, etc. Mumtaz Farooq
260 ## - PUBLICATION, DISTRIBUTION, ETC. (IMPRINT)
Place of publication, distribution, etc. Karachi :
Name of publisher, distributor, etc. Pakistan Institute of Development Economics,
Date of publication, distribution, etc. 1966.
300 ## - PHYSICAL DESCRIPTION
Pagination xvi, 179 p. :
Illustrations ill. ;
Size 23 cm.
350 ## - PRICE (NR) (BK AM CF MU VM SE) [OBSOLETE]
Price Rs5
410 20 - SERIES STATEMENT/ADDED ENTRY--CORPORATE NAME [OBSOLETE, CAN/MARC], [LOCAL, USA]
Corporate name or jurisdiction name as entry element Pakistan Institute of Development Economics.
490 #0 - SERIES STATEMENT
Series statement Monographs in the economics of development,
Volume/sequential designation no. 15
651 #0 - SUBJECT ADDED ENTRY--GEOGRAPHIC NAME
Geographic name Karachi (Pakistan)
General subdivision Economic conditions.
9 (RLIN) 102483
Geographic name Karachi (Pakistan)
General subdivision Population.
9 (RLIN) 102484
942 ## - ADDED ENTRY ELEMENTS (KOHA)
Source of classification or shelving scheme Dewey Decimal Classification
Koha item type Books
Holdings
Lost status Source of classification or shelving scheme Damaged status Not for loan Collection code Permanent Location Current Location Shelving location Date acquired Source of acquisition Cost, normal purchase price Total Checkouts Full call number Date last seen Copy number Koha item type
  Dewey Decimal Classification     Non-fiction Central Library, University of Rajshahi Central Library, University of Rajshahi   02/03/1968 Institute of Dev Eco Karachi 5.00   330.9549 FAP 1966 11/05/2014 C-2 Books
  Dewey Decimal Classification     Non-fiction Central Library, University of Rajshahi Central Library, University of Rajshahi   04/03/1968 Institute of Dev Eco Karachi 5.00   330.9549 FAP 1966 11/05/2014 C-4 Books
  Dewey Decimal Classification   Not For Loan Non-fiction Central Library, University of Rajshahi Central Library, University of Rajshahi Reading Room 04/03/1968 Institute of Dev Eco Karachi 5.00   330.9549 FAP 1966 11/05/2014 C-1 Books
  Dewey Decimal Classification       Central Library, University of Rajshahi Central Library, University of Rajshahi   04/03/1968 Institute of Dev Eco Karachi 51.00   330.9549 FAP 1966 12/05/2014 C-3 Books
  Dewey Decimal Classification       Central Library, University of Rajshahi Central Library, University of Rajshahi   04/03/1968 Institute of Dev Eco Karachi 51.00   330.9549 FAP 1966 12/05/2014 C-5 Books